00784nam a2200157 i 4500001000700000003000900007005001700016008004100033080002000074100004100094245010400135260006100239300002100300500010000321852020500421172986ES-MaACL20251011063154.0091002s1877 sp |||| | spa d a821.134.2-2"18"1 aCavestany, Juan Antonio, d1861-192413aEl esclavo de su culpa b: comedia en tres actos y en verso / coriginal de Juan Antonio Cavestany. aMadrid : b[s.n.], c1877 (fImp. de José Rodríguez) a98 p. ; c18 cm. aEn port.: Representada por primera vez en el teatro Español el día 13 de diciembre de 1877. aES-MaACLjF-8601(4) q.- Falto de la cub. original z.- Enc. en vol. facticio formando parte de la col. facticia "Teatro español moderno", vol. 54 z.- Firma manuscrita de Gustavo Sáenz Diez, 1878